书目信息 |
| 书名: | The learning brain | |
| 作者: | edited by E. A. Asratyan ect | |
| 分册号: | ||
| 分册名: | 出版地: | Moscow : |
|
| 出版社: | MIR Publishers | |
| 出版时间: | 1983. | |
| 页数: | 216 p. : | |
| 开本: | 24 cm. | |
| 丛书名: | ||
| 中图分类号: | ||
| 科图分类号: | ||
| 其他分类号: | Q427-53 | |
| 主题词: | ||
| 电子资源: | http://www.loc.gov/catdir/toc/ecip052/2004024910.html | |
| 000 | 01386nam 2200397 a 4500 | |
| 001 | E0754526227 | |
| 004 | 001100376 | |
| 005 | 20070226151345.81 | |
| 008 | 001 0 eng | |
| 008 | 4001uueng0000000 | |
| 008 | 001983 | |
| 010 | @a2004024910 | |
| 020 | @a1405106220 (hardcover : alk. paper). | |
| 020 | @a1405124016 (pbk : alk. paper). | |
| 020 | @a9781405124010 (pbk. : alk. paper). | |
| 020 | @a9781405106221 (hardcover : alk. paper). | |
| 040 | @aDLC @cDLC @dDLC @dCcBjTSG | |
| 042 | @apcc | |
| 050 | 00 | @aQP408 @b.B58 2005 |
| 082 | 00 | @a153.1/5 @222 |
| 090 | @aB842.3 @bB636 | |
| 090 | @aQ427-53 | |
| 096 | @aB842.3 | |
| 099 | @dQ427-53@ex1 | |
| 100 | 1 | @aBlakemore, Sarah-Jayne. |
| 245 | 14 | @aThe learning brain :@btranslated from the Russian by Anatoli Rosenzweig / @cedited by E. A. Asratyan ect |
| 250 | @a1st ed. | |
| 260 | @aMoscow :@bMIR Publishers,@c1983. | |
| 300 | @a216 p. :@bill. ;@c24 cm. | |
| 504 | @aIncludes bibliographical references and index. | |
| 650 | 0 | @aNeuropsychology. |
| 650 | 0 | @aLearning. |
| 650 | 0 | @aEducation. |
| 700 | 1 | @aFrith, Uta. |
| 852 | 0 | @bWWDY @k2-2005 @hB842.3 @iB636 |
| 856 | 41 | @3Table of contents @uhttp://www.loc.gov/catdir/toc/ecip052/2004024910.html @b01 @c20041019 @lNLC09 @h1041 @b02 @c20050708 @lNLC09 @h1443 @b40 @c20050718 @lNLC09 @h1002 @b40 @c20050802 @lNLC09 @h0837 |
| The learning brain : : translated from the Russian by Anatoli Rosenzweig / / edited by E. A. Asratyan ect.-1st ed.-Moscow : : MIR Publishers, , 1983. |
| 216 p. : : ill. ; ; 24 cm. |
| Includes bibliographical references and index. |
| ISBN 1405106220 (hardcover : alk. paper). |
| ● |
| 相关链接 |
|
|
|
|
正题名:learning brain
索取号:Q427-53/x1
 
预约/预借
| 序号 | 登录号 | 条形码 | 馆藏地/架位号 | 状态 | 备注 |
| 1 | 182529 | 000634040 | 第二样本阅览室/ [索取号:Q427-53/x1] | 在馆 | |
| 2 | 182530 | 000634068 | 第四借阅区/ [索取号:Q427-53/x1] | 在馆 | |
| 3 | 182531 | 000634059 | 第四借阅区/ [索取号:Q427-53/x1] | 在馆 |